Top 101 MLB Players Of 2018 - Statistics

General Stats
  • This quiz has been taken 2,636 times
    1,487 since last reset
  • The average score is 34 of 101
Answer Stats
Rank Hint Answer % Correct
1 OF Mike Trout
97%
2 2B Jose Altuve
87%
4 SP Clayton Kershaw
83%
15 OF Aaron Judge
80%
3 OF Mookie Betts
80%
19 OF Bryce Harper
73%
26 SP Justin Verlander
73%
22 OF Gioncarlo Stanton
72%
5 3B Nolan Arenado
72%
7 SP Max Scherzer
67%
37 OF Christian Yelich
61%
13 SP Jacob DeGrom
60%
21 3B Kris Bryant
58%
10 SS Manny Machado
58%
50 CP Aroldis Chapman
57%
9 SP Chris Sale
57%
52 1B Cody Bellinger
57%
16 SS Francisco Lindor
57%
23 1B Anthony Rizzo
55%
18 SS Carlos Correa
54%
12 1B Freddie Freeman
54%
45 SP Gerrit Cole
54%
8 1B Paul Goldschmidt
52%
6 OF JD Martinez
50%
42 3B Justin Turner
50%
71 SS Trea Turner
50%
35 3B Alex Bregman
49%
11 3B Jose Ramirez
49%
66 OF Ronald Acuna Jr
47%
25 C Buster Posey
46%
24 OF George Springer
46%
27 2B Javier Baez
46%
101 SP/DH Shohei Ohtani
46%
14 SP Corey Kluber
42%
29 SS Corey Seager
42%
64 3B Josh Donaldson
41%
17 1B Joey Votto
40%
44 OF Khris Davis
38%
100 CP Wade Davis
38%
40 C Gary Sanchez
37%
46 SS Trevor Story
36%
38 CP Craig Kimbrel
35%
49 C JT Realmuto
34%
60 DH Nelson Cruz
34%
73 3B Anthony Rendon
33%
88 SP Blake Snell
32%
39 1B Jose Abreu
32%
76 2B Robinson Cano
32%
30 OF Charlie Blackmon
31%
32 2B Ozzie Albies
31%
34 SP Stephen Strasburg
31%
41 SP Zack Greinke
30%
78 C Salvador Perez
28%
28 CP Kenley Jansen
27%
20 SP Luis Severino
27%
69 SP Noah Syndergaard
27%
98 SS Xander Bogaerts
27%
91 OF Marcell Ozuna
26%
51 SP Trevor Bauer
25%
36 SP Aaron Nola
24%
89 2B Cesar Hernandez
24%
43 OF Lorenzo Cain
24%
75 2B Gleyber Torres
23%
93 OF Starling Marte
23%
56 CP Edwin Diaz
22%
54 CP Josh Hader
21%
74 3B Adrian Beltre
20%
81 1B Edwin Encarnacion
20%
70 1B Eric Hosmer
20%
33 1B Matt Carpenter
19%
31 C Wilson Contreras
19%
82 RP Andrew Miller
18%
79 OF Michael Brantley
18%
77 SS Andrelton Simmons
17%
57 SS Brandon Crawford
17%
63 OF Andrew Benintendi
16%
99 2B DJ Lemahieu
16%
80 SP Carlos Carrasco
14%
72 OF Rhys Hoskins
14%
47 2B Brian Dozier
13%
94 SP Chris Archer
13%
62 3B Eugenio Suarez
13%
85 OF Justin Upton
13%
65 SS Jean Segura
12%
67 3B Miguel Andujar
12%
61 SP JA Happ
11%
53 SP James Paxton
10%
92 1B Jesus Aguilar
9%
83 OF Nick Castellanos
9%
87 CP Roberto Osuna
9%
55 2B Scooter Gennet
9%
58 | 68 C Wilson Ramos
9%
96 SP Jose Berrios
8%
84 OF Avicail Garcia
6%
59 OF Ender Inciarte
4%
86 SP Jose Quintana
4%
97 CP Felipe Vasquez
2%
48 OF Mitch Hanigar
2%
95 SP Sean Manaea
2%
90 CP Sean Doolitle
1%
No matching quizzes found
Score Distribution
Percent of People with Each Score
Percentile by Number Answered
Your Score History
You have not taken this quiz since the last reset